[Event "73rd RUS-ch Higher League 2020"]
[Site "Sochi"]
[Date "2020.10.12"]
[Round "5.20"]
[White "Belyakov, Bogdan"]
[Black "Klimentov, Evgeny"]
[Result "1/2-1/2"]
[WhiteElo "2458"]
[BlackElo "2222"]
[Annotator "TA"]
[PlyCount "189"]
[EventDate "2020.10.08"]
[EventType "swiss"]
[EventCountry "RUS"]
[SourceTitle "playchess.com"]
[Source "ChessBase"]
[SourceQuality "1"]

{[%evp 9,189,-14,-7,-12,-11,0,-14,-17,-11,-15,59,65,60,35,71,38,67,41,43,39,49,38,43,31,52,56,67,67,52,54,53,56,110,65,77,65,63,81,64,57,58,50,61,9,9,9,9,9,16,12,29,29,29,13,56,56,60,56,78,78,78,78,78,78,78,57,70,78,78,35,35,35,35,35,78,65,65,65,65,30,30,29,65,30,30,30,65,65,65,65,65,65,65,65,65,30,30,30,65,0,29,29,29,0,0,0,0,0,0,0,65,21,65,65,65,0,0,0,30,0,29,29,29,0,30,29,30,30,30,0,0,0,30,0,0,0,30,0,0,0,8,0,30,30,30,30,30,30,30,30,30,30,30,30,30,30,30,0,30,30,30,0,0,0,0,0,0,0,0,0,0,0,0,0,0,0,0,0,0,0,0,0]} 1. d4 Nf6 2. Nc3 d5 3. Bf4 e6 4. Nb5 Na6 5. a3 c6 6. Nc3 {D00: 1 d4 d5: Unusual lines.} Be7 7. e3 O-O 8. h3 {[#]} b5 $146 ({Predecessor:} 8... Nc7 9. Nf3 Re8 10. Bd3 c5 11. dxc5 Bxc5 12. O-O a6 13. Ne2 Be7 14. Kh1 Bd7 {0-1 (22) Venturas,B (717)-Vontina,M (725) LSS email 2012}) 9. Nf3 b4 (9... Bb7 $11) 10. axb4 $14 Nxb4 11. Be2 $36 {[%mdl 2048] White has the initiative.} a5 12. O-O Ba6 13. Bxa6 Nxa6 14. Ne5 Qb6 15. Na4 Qb7 16. Bg5 Qc7 17. c4 c5 18. cxd5 cxd4 19. Bxf6 Bxf6 20. Ng4 dxe3 (20... Be7 $14) 21. Nxf6+ $16 ({Of course not} 21. fxe3 $6 Bg5 $11) ({Much worse is} 21. Nxe3 $6 Rad8 $11) 21... gxf6 22. fxe3 Qe5 $1 23. Qg4+ Kh8 24. Qf4 Qxf4 25. Rxf4 Nc7 26. Nb6 (26. dxe6 $14 fxe6 27. Nb6) 26... Nxd5 $11 27. Nxd5 exd5 28. Rxf6 {[%mdl 4096] Endgame KRR-KRR} a4 29. Rf5 Rab8 30. Ra2 Rb3 31. Kf2 Rfb8 32. Rxa4 Rxb2+ 33. Kf3 R8b7 34. Rxd5 R2b6 35. Rf4 Kg7 36. h4 h6 37. Rdf5 Re7 38. Rg4+ Kh7 39. Re4 Rxe4 40. Kxe4 $14 {KR-KR} Rb4+ 41. Kf3 Kg6 42. g4 Rb1 43. h5+ Kg7 44. Rf4 Rf1+ 45. Ke2 Rg1 46. Kf2 Rb1 47. Ra4 Rb2+ 48. Kf3 Rb1 49. Kf4 Rf1+ 50. Ke5 Re1 51. Re4 $1 Re2 52. Kf5 Rf2+ 53. Rf4 Rb2 54. Rf3 (54. Rd4 $14) 54... Rb6 55. Kf4 Rf6+ 56. Kg3 (56. Ke4 $5 {[%cal Rf3f6]} Re6+ 57. Kd5 $16) 56... Re6 57. Kf2 Rb6 $1 58. Rf5 Rb2+ 59. Kg3 Rb1 ({Better is} 59... Rb3 $11) 60. Rf2 Rb4 61. Ra2 Rb1 62. e4 ({White should play} 62. Ra6 $14) 62... Rg1+ 63. Kf3 Rb1 64. Rf2 Ra1 65. Kf4 Re1 66. Kf5 Rg1 67. Rf3 Rg2 68. Rf1 Re2 69. Rg1 Rf2+ 70. Ke5 Kh7 71. Kd6 Re2 72. Ke5 Rf2 73. Rg3 Rf1 74. Rg2 Rf3 75. Kd4 Rh3 76. e5 Rh1 77. Rg3 Kg7 78. Ke4 Re1+ 79. Re3 Rf1 80. Rf3 Re1+ 81. Kf5 Rg1 82. Kf4 Re1 83. Kf5 Rg1 84. Rf2 Re1 85. g5 hxg5 {The position is equal.} 86. h6+ Kxh6 87. Kf6 {[%cal Rf2h2] [#]} Re4 88. Kxf7 {White wants to mate with Rh2+.} Rf4+ 89. Rxf4 gxf4 $11 {KP-KP} 90. e6 f3 {[#] ( -> ...f2)} 91. e7 f2 92. e8=Q {Threatening mate with Qe3+.} f1=Q+ 93. Ke7 Qe2+ 94. Kd8 Qxe8+ 95. Kxe8 {Accuracy: White = 76%, Black = 79%.} 1/2-1/2

[Event "73rd RUS-ch Higher League 2020"]
[Site "Sochi"]
[Date "2020.10.12"]
[Round "5.21"]
[White "Obgolts, Erik"]
[Black "Rodin, Dmitrij"]
[Result "1-0"]
[WhiteElo "2376"]
[BlackElo "2388"]
[Annotator "TA"]
[PlyCount "109"]
[EventDate "2020.10.08"]
[EventType "swiss"]
[EventCountry "RUS"]
[SourceTitle "playchess.com"]
[Source "ChessBase"]
[SourceQuality "1"]

{[%evp 14,109,56,45,41,47,59,41,56,18,39,0,31,41,71,37,48,39,60,41,37,29,20,26,17,24,93,94,83,12,18,12,21,0,0,0,0,0,111,124,204,208,211,186,172,178,243,154,302,185,382,354,360,357,393,373,457,277,376,368,345,206,293,177,179,153,310,314,488,475,457,318,684,680,651,633,685,672,1511,661,667,574,554,0,687,681,685,647,676,667,1610,1507,7009,4338,29986,29987,29987,29986]} 1. e4 c5 2. Nf3 e6 3. d4 cxd4 4. Nxd4 a6 5. Bd3 Qb6 6. Nb3 Qc7 7. O-O Nf6 8. Qe2 d6 {B42: Sicilian: Kan Variation: 5 Bd3.} 9. f4 Nc6 10. Be3 Be7 {White is slightly better.} 11. a4 O-O 12. Nc3 {[%cal Bb1c3,Bc3a4,Ba4b6][%mdl 32] [#]} Re8 $146 ({Predecessor:} 12... b6 13. Nd2 Re8 14. h3 Nb4 15. Qf2 Rb8 16. Kh1 d5 17. e5 Nd7 18. Rac1 Nxd3 19. cxd3 {½-½ (31) Andersen,I (2142)-Aagaard,J (2498) Denmark 2016}) 13. a5 Nd7 14. Qf2 Nb4 15. Na4 Nf6 16. Nb6 Rb8 17. h3 Bd7 18. Qd2 Nxd3 19. cxd3 Rbd8 (19... Bc6 $11) 20. Rac1 $16 Qb8 21. Qc3 (21. g4 $16) 21... e5 $11 22. Nd2 Bb5 23. Qb3 d5 24. fxe5 Qxe5 {[%cal Rd5e4]} 25. Nf3 $36 {[%mdl 2048] White has good play.} Qe6 (25... Qg3 $11 {keeps the balance.} 26. e5 Nd7) 26. Nd4 $1 $16 {[%csl LRb5,LRe6][%mdl 64] Double Attack. White now steadily converts the win.} Qe5 (26... Qd6 $16) 27. Nxb5 $18 axb5 {[#]} 28. Rf5 $1 {[%cal Rf5e5]} Qe6 {Strongly threatening ...d4.} 29. Nxd5 (29. Qxb5 $6 Bf8 $14) 29... b4 (29... Nxd5 $142 30. Rxd5 Rxd5 31. Qxd5 Qxd5 32. exd5 Bb4) 30. Bb6 Rc8 (30... Rxd5 $16 31. Rxf6 (31. Rxd5 Bd6 $16) 31... Bxf6 32. Qxd5 (32. exd5 Qe5 $16) 32... Bxb2) 31. Rcf1 Qd7 $2 (31... Nxd5 32. Qxd5 (32. exd5 Qg6 $16) 32... Qxd5 33. Rxd5 (33. exd5 f6 $14) 33... Bf6) 32. Nxe7+ (32. Nxf6+ Bxf6 33. Rd5 Qe7 $18) 32... Rxe7 33. Qxb4 Re6 34. Bd4 Rc2 35. R5f2 ({Less strong is} 35. Bxf6 gxf6 36. R1f4 Qe7 $18) 35... Rcc6 36. e5 Nd5 37. Qb5 (37. Qa3 $142 Re7 38. b4) 37... Re7 (37... Nc7 $142 38. Qb4 (38. Qxb7 Qxd4 {[%mdl 64] Double Attack} 39. a6 Rc2 $16) 38... Na6) 38. Qa4 h6 39. b4 {[%cal Bb2b4,Bb4b5][%mdl 32]} Qe6 $2 (39... Nc3 $16 40. Bxc3 Rxc3 41. Qxd7 Rxd7) 40. b5 Rcc7 (40... Rc8 {might work better.} 41. a6 Ra8) 41. a6 {[%cal Ba5a6,Ba6a7][%mdl 32] Black must now prevent a7.} Rc8 42. Qa2 Rd7 $2 (42... Ra8 43. Bc5 Rd7 44. axb7 Rb8) 43. a7 Ra8 {[#] If Black can now play ...b6 this consolidates a bit.} 44. b6 $1 Qc6 (44... Nxb6 45. Qxe6) 45. Qc4 {aiming for Qxc6.} Qg6 {[#]} 46. Qb5 (46. Rxf7 $142 $3 {[%mdl 512]} Qxf7 (46... Rxf7 47. Qxd5) 47. Rxf7 Kxf7 48. Bc5) 46... Qe6 47. Rc1 Rdd8 48. Rcf1 Rd7 $1 49. Kh1 Rc8 50. Qa4 Ra8 51. Bc5 Nc3 52. Qg4 Qc6 {[#]} 53. e6 $1 {[%cal Rf2f7]} h5 (53... Qxe6 54. Qxe6) 54. exf7+ Rxf7 55. Qc4 {[%mdl 64] Double Attack. Accuracy: White = 61%, Black = 35%.} 1-0

[Event "73rd RUS-ch Higher League 2020"]
[Site "Sochi"]
[Date "2020.10.12"]
[Round "5.22"]
[White "Nazaretyan, Tigran"]
[Black "Sarana, Alexey"]
[Result "0-1"]
[WhiteElo "2308"]
[BlackElo "2657"]
[Annotator "TA"]
[PlyCount "152"]
[EventDate "2020.10.08"]
[EventType "swiss"]
[EventCountry "RUS"]
[SourceTitle "playchess.com"]
[Source "ChessBase"]
[SourceQuality "1"]

{[%evp 16,152,29,-7,18,18,47,-24,18,17,18,12,65,59,66,69,79,71,108,83,99,95,119,70,75,58,79,61,58,58,58,56,61,58,71,63,70,72,87,87,87,87,87,87,87,87,87,87,87,87,82,82,103,112,117,89,89,89,108,0,0,0,0,0,22,0,42,43,33,0,0,-88,-95,-90,-88,-87,-46,-90,-109,-104,-104,-108,-109,-97,-102,-108,-110,-102,-99,-93,-48,-52,-8,-8,-8,-23,-23,-23,-35,-1046,-1031,-878,-701,-1325,-1202,-29974,-29975,-29975,-29976,-29976,-29976,-29973,-29980,-29980,-29981,-29981,-29982,-29982,-29983,-29983,-29984,-29984,-29985,-29985,-29986,-29987,-29988,-29988,-29989,-29989,-29990,-29990,-29990,-29991,-29990,-29990,-29991,-29991,-29992]} 1. d4 Nf6 2. c4 g6 3. Nc3 d5 4. cxd5 Nxd5 5. e4 Nxc3 6. bxc3 Bg7 7. Be3 c5 8. Qd2 {8.Rc1 might become the main line. Played by Santosh Gujrathi Vidit in August 2020.} Qa5 {8...cxd4 is vanishing.} 9. Rb1 Nd7 $5 {[%mdl 4] [#] An interesting side line. D85: Exchange Grünfeld: Unusual White 7th moves and lines with 7 Nf3.} 10. h4 $146 ({Predecessor:} 10. Bd3 O-O 11. Nf3 b6 12. O-O Bb7 13. Rb5 Qa3 14. Rb3 Qa5 15. Rb5 Qa3 16. Rb3 Qa5 {½-½ (16) Polugaevsky,L (2625)-Tukmakov,V (2580) Moscow 1983}) 10... O-O 11. Bd3 ({White should try} 11. Rb5 $14 Qc7 12. h5 (12. dxc5 a6 $17)) 11... e5 {[%cal Re5d4] Black has an edge.} 12. d5 f5 {...f4 is the strong threat.} 13. f3 f4 (13... fxe4 $11 14. fxe4 Nf6) 14. Bf2 $36 {[%mdl 2048] White has some pressure.} h6 15. Ne2 Qd8 16. a4 {[%cal Ba2a4,Ba4a5][%mdl 32]} Kh7 17. Qa2 Rf7 18. a5 Bf8 19. c4 Nf6 {[%cal Bd7f6,Bf6e8,Be8c7,Bc7a6,Ba6b4][%mdl 32]} 20. Kd2 Ne8 21. Nc3 Nc7 22. Ke2 Na6 23. Ra1 Bd7 24. Qb2 Qf6 25. Bc2 ({Not} 25. Qxb7 $2 Rb8 $19) 25... Nb4 26. Ba4 Bc8 27. Na2 Nxa2 28. Rxa2 Bd6 29. Qb5 Rc7 30. Qb1 Rb8 31. Rb2 Rg7 32. Rb3 Qd8 33. Qe1 g5 34. hxg5 Rxg5 35. Rh2 Rg6 36. Qc3 Qg8 37. Rb1 ({But not} 37. Kf1 $6 Rxg2 38. Rxg2 Bh3 $11) (37. Qa1 $16) 37... Rxg2 $11 38. Rxg2 Qxg2 39. Rg1 Qh3 40. Be8 Bf5 (40... b5 $5 {[%cal Rb5c4]} 41. Rg6 (41. cxb5 Bd7 $17) (41. Bxb5 Qh2 $11) 41... bxc4 42. Rxd6 Bg4 43. Bg6+ Kg8 $11) 41. exf5 Rxe8 42. Rg6 Bf8 $1 43. Qd3 (43. Re6 $11 {remains equal.} Rxe6 44. fxe6) 43... e4 $1 $17 {[%cal Re4d3]} 44. fxe4 Qxf5 $1 {[%mdl 64] Double Attack} 45. Rg1 Rxe4+ 46. Kd2 {aiming for Re1.} f3 {White must now prevent ...Re2+.} 47. Re1 {[#]} Re2+ $1 48. Rxe2 Qxd3+ 49. Kxd3 fxe2 50. Kxe2 {[%mdl 4096] Endgame KB-KB} Kg6 51. Bg3 Kf5 52. Kf3 h5 53. Bb8 h4 54. Bc7 Bg7 55. Bb8 a6 {[%cal Ba7a6,Ba6a5,Ba5a4][%mdl 32]} 56. Bd6 Bc3 57. Bxc5 $2 {[%mdl 8192] Loses the game.} (57. Bc7 $15) 57... Bxa5 $19 58. Bd4 Bd8 59. c5 a5 60. c6 bxc6 {Black mates.} 61. dxc6 a4 62. Bc5 Bc7 63. Ba3 h3 64. Kf2 Ke4 65. Kg1 Kd5 66. Kh1 Kxc6 67. Bb2 Bd6 68. Bc1 Kd5 69. Kg1 Kc4 70. Kh1 Kb3 71. Kg1 Kc2 72. Bg5 a3 73. Bf6 a2 74. Kh1 Bb4 75. Ba1 Bc3 76. Kh2 Bxa1 {Accuracy: White = 76%, Black = 87%.} 0-1

[Event "73rd RUS-ch Higher League 2020"]
[Site "Sochi"]
[Date "2020.10.12"]
[Round "5.23"]
[White "Sergeyev, Alexander"]
[Black "Stukan, Martin"]
[Result "0-1"]
[WhiteElo "2374"]
[BlackElo "2316"]
[Annotator "TA"]
[PlyCount "76"]
[EventDate "2020.10.08"]
[EventType "swiss"]
[EventCountry "RUS"]
[SourceTitle "playchess.com"]
[Source "ChessBase"]
[SourceQuality "1"]

{[%evp 20,76,-14,-16,-23,-12,-14,-53,-30,-50,-45,-70,-47,-41,-35,-45,-8,-8,-12,-7,0,0,8,0,0,0,2,0,0,0,0,-26,-35,-62,-59,-67,11,17,41,0,12,9,16,0,0,-154,6,-227,-140,-653,-650,-5804,-5785,-5677,-5310,-5276,-4781,-1294,-343]} 1. d4 Nf6 2. Nf3 d5 3. c4 e6 4. Nc3 dxc4 5. e3 a6 6. Bxc4 b5 7. Bd3 Bb7 8. O-O Nbd7 9. Qe2 c5 10. Rd1 Qc7 11. e4 cxd4 {D48: Semi-Slav: Meran System: 7...b5 8 Bd3 a6.} 12. Nxd4 Bc5 13. Nb3 Bd6 {Black is slightly better.} 14. h3 b4 15. Nb1 Ne5 16. Bf4 O-O {[#]} 17. a3 $146 ({Predecessor:} 17. Rc1 Qe7 18. Bc2 a5 19. N1d2 Rfc8 20. Bg3 Nfd7 21. Nd4 Ba6 22. Qh5 Ng6 23. Qf3 {0-1 (45) Vujanovic,A (2243)-Koch,C (2223) IECG email 2001}) 17... Nxd3 18. Bxd6 Qxd6 19. Rxd3 Qb6 20. N1d2 Rfd8 21. axb4 Qxb4 {[%cal Rf6e4]} 22. f3 Nh5 23. Rc1 Nf4 24. Rxd8+ Rxd8 25. Qc4 (25. Qe3 $5 {[%cal Re3f4]} e5 26. Qc5 Qxc5+ 27. Rxc5 $11) 25... Qe7 {Hoping for ...Qg5!} 26. Kh2 Qg5 $40 {[%csl Gf4][%cal Rg5g2][%mdl 128] Black has some attack.} 27. g3 {aiming for h4.} Nh5 ({Black should try} 27... Nd3 $15 28. Qc7 Nxc1) 28. Nf1 $11 {Qc7 is the strong threat.} g6 29. Qe2 Rb8 {With the idea ...Bxe4!} 30. Rc3 a5 {[%cal Ba6a5,Ba5a4][%mdl 32]} 31. Rc5 Qe7 32. Qb5 $2 ({Much weaker is} 32. Rxa5 Bxe4 33. Nbd2 (33. fxe4 Rxb3 34. Rb5 Rxb5 $15) 33... Bb7 $15) (32. Rc3 $11) 32... Qf6 $2 (32... Qd6 $17 {White must now prevent ...Bxe4!} 33. Rc3 Ba6 {[%mdl 64] Pin}) 33. Qe2 $2 (33. Rc3 $11) 33... a4 34. Nc1 $2 {[%mdl 8192] [#] Now White is beyond hope.} (34. Nbd2 $17) 34... Ba6 $1 $19 {[%cal Ra6e2][%mdl 576] Deflection. Black is clearly winning.} 35. Qxa6 {Strongly threatening Rc8+.} Rxb2+ 36. Ne2 Qxf3 {[%mdl 64] ( -> ...Qf2+). Double Attack} 37. Qc8+ {[#]} Kg7 $1 {[%mdl 512]} 38. Rc2 Qf2+ {Accuracy: White = 50%, Black = 70%.} 0-1

[Event "73rd RUS-ch Higher League 2020"]
[Site "Sochi"]
[Date "2020.10.12"]
[Round "5.24"]
[White "Rodchenkov, Vitaly"]
[Black "Bimiev, Ahmad"]
[Result "1/2-1/2"]
[WhiteElo "2321"]
[BlackElo "2252"]
[Annotator "NA"]
[PlyCount "80"]
[EventDate "2020.10.08"]
[EventType "swiss"]
[EventCountry "RUS"]
[SourceTitle "playchess.com"]
[Source "ChessBase"]
[SourceQuality "1"]
[TimeControl "40/5400+30:1800+30"]

1. d4 Nf6 2. Nf3 {[%emt 0:00:00]} g6 {[%emt 0:04:27]} 3. Bg5 {[%emt 0:00:20]} Bg7 {[%emt 0:00:40]} 4. Nbd2 {[%emt 0:00:08]} d5 {[%emt 0:00:55]} 5. e3 {[%emt 0:00:31]} O-O {[%emt 0:00:50]} 6. Bd3 {[%emt 0:00:06]} c5 {[%emt 0:00:31]} 7. c3 {[%emt 0:00:09]} Nc6 {[%emt 0:00:09]} 8. O-O {[%emt 0:01:22]} Nd7 {[%emt 0:07:19]} 9. Rb1 {[%emt 0:03:54] D03: 1 d4 d5 2 Nf3 Nf6 3 Bg5, including Torre Attack with early ...d5.} h6 {[%emt 0:13:30]} 10. Bh4 {[%emt 0:00:08] [#]} Qb6 $146 {[%emt 0:00:24]} ({Predecessor:} 10... g5 11. Bg3 f5 12. Qc2 e6 13. Bd6 c4 14. Be2 Rf7 15. b3 g4 16. Ne1 b5 17. bxc4 bxc4 {1-0 (38) Plachetka,J (2440)-Schmidt,W (2475) Trnava 1985}) 11. b4 {[%emt 0:00:08]} c4 {[%emt 0:01:48]} 12. Bc2 {[%emt 0:03:30]} e5 {[%emt 0:04:38]} 13. b5 {[%emt 0:00:07]} Nd8 {[%emt 0:00:08]} (13... Na5 $11) 14. e4 {[%emt 0:02:54]} exd4 {[%emt 0:02:22]} 15. Nxd4 {[%emt 0:06:49]} ({Not} 15. exd5 $2 d3 $17) 15... Ne6 {[%emt 0:08:21]} 16. Nxe6 {[%emt 0:07:58]} Qxe6 {[%emt 0:01:11]} 17. exd5 Qxd5 {[%emt 0:00:07]} 18. Ne4 {[%emt 0:00:25]} Qxd1 {[%emt 0:13:17]} 19. Rbxd1 {[%emt 0:00:07]} g5 {[%emt 0:00:10]} 20. Bg3 {[%emt 0:02:33]} Nb6 {[%emt 0:00:52]} 21. Bd6 {[%emt 0:02:50]} Re8 {[%emt 0:01:40]} 22. Bb4 {[%emt 0:00:40]} Bf5 $11 {[%emt 0:00:29]} 23. f3 {[%emt 0:04:03]} Rad8 {[%emt 0:06:31]} 24. Ba5 {[%emt 0:03:05]} Bxe4 {[%emt 0:06:58]} 25. Bxe4 {[%emt 0:01:00]} Rxd1 {[%emt 0:00:13]} 26. Rxd1 {[%emt 0:00:06]} Na4 {[%emt 0:00:02]} 27. Bxb7 {[%emt 0:14:08]} Nxc3 {[%emt 0:08:44]} 28. Bxc3 {[%emt 0:29:12]} Bxc3 {[%emt 0:00:02]} 29. Kf1 {[%emt 0:07:37]} Be5 {[%emt 0:06:15]} 30. g3 {[%emt 0:01:22]} c3 {[%emt 0:00:45]} 31. Be4 {[%emt 0:00:45]} Rc8 {[%emt 0:00:36]} 32. Bc2 {[%emt 0:00:40]} Kf8 {[%emt 0:01:11]} 33. Rd5 {[%emt 0:00:54]} Re8 {[%emt 0:02:39]} 34. Rd7 {[%emt 0:00:41]} Re7 {[%emt 0:00:07]} 35. Rd8+ {[%emt 0:01:02]} Re8 {[%emt 0:00:48]} 36. Rd7 {[%emt 0:00:08]} Re7 {[%emt 0:00:06]} 37. Rd8+ {[%emt 0:00:06]} Re8 {[%emt 0:00:08]} 38. Rd7 {[%emt 0:00:06]} Re7 {[%emt 0:00:05]} 39. Rd8+ {[%emt 0:00:08]} Re8 {[%emt 0:00:02]} 40. Rd7 {[%emt 0:00:00]} Re7 1/2-1/2

[Event "73rd RUS-ch Higher League 2020"]
[Site "Sochi"]
[Date "2020.10.12"]
[Round "5.25"]
[White "Ibadov, Dashgyn"]
[Black "Tugarin, Anton"]
[Result "1/2-1/2"]
[WhiteElo "2296"]
[BlackElo "2224"]
[Annotator "NA"]
[PlyCount "119"]
[EventDate "2020.10.08"]
[EventType "swiss"]
[EventCountry "RUS"]
[SourceTitle "playchess.com"]
[Source "ChessBase"]
[SourceQuality "1"]
[TimeControl "40/5400+30:1800+30"]

1. e4 {[%emt 0:00:00]} e6 {[%emt 0:03:16]} 2. d4 {[%emt 0:00:00]} d5 {[%emt 0:00:07]} 3. Nc3 {[%emt 0:00:00]} Bb4 {[%emt 0:00:09]} 4. e5 {[%emt 0:00:11]} Ne7 {[%emt 0:00:21]} 5. a3 {[%emt 0:00:47]} Bxc3+ {[%emt 0:00:08]} 6. bxc3 {[%emt 0:00:05]} c5 {[%emt 0:05:31]} 7. h4 {[%emt 0:01:03]} Qa5 {[%emt 0:03:40]} 8. Bd2 {[%emt 0:00:29]} Qa4 {[%emt 0:01:06]} 9. Qg4 {[%emt 0:03:50]} Qxc2 {[%emt 0:07:54]} 10. Qxg7 {[%emt 0:11:42]} Rg8 {[%emt 0:00:11]} 11. Qh6 $1 {[%emt 0:00:35]} cxd4 {[%emt 0:06:50]} 12. cxd4 {[%emt 0:06:13]} Qb2 {[%emt 0:01:58] Double Attack} 13. Rc1 {[%emt 0:03:29]} Qxd4 {[%emt 0:02:22]} 14. Nf3 {[%emt 0:11:36]} Qe4+ {[%emt 0:15:10]} 15. Be3 $11 {[%emt 0:00:43]} Qg6 {[%emt 0:14:04]} 16. Qf4 {[%emt 0:04:08]} Nbc6 {[%emt 0:00:41]} 17. h5 {[%emt 0:08:57]} Qf5 {[%emt 0:07:21]} 18. Ng5 {[%emt 0:04:27]} Rh8 {[%emt 0:02:24]} 19. g4 {[%emt 0:04:44]} Qxf4 {[%emt 0:01:52]} 20. Bxf4 {[%emt 0:00:02]} h6 {[%emt 0:00:10]} 21. Nf3 {[%emt 0:00:08]} Bd7 {[%emt 0:00:45]} 22. g5 {[%emt 0:04:27]} O-O-O {[%emt 0:00:42]} 23. Bd3 {[%emt 0:02:21]} Rdg8 {[%emt 0:10:57]} 24. gxh6 {[%emt 0:02:04]} Nf5 {[%emt 0:00:20]} 25. Bxf5 {[%emt 0:00:49]} exf5 {[%emt 0:00:01]} 26. Ng5 {[%emt 0:06:45]} Be6 {[%emt 0:00:18]} 27. Kd2 {[%emt 0:04:46]} Kd7 {[%emt 0:05:06]} 28. Rhg1 {[%emt 0:04:18]} Re8 {[%emt 0:02:38]} 29. Nf3 {[%emt 0:01:25]} d4 {[%emt 0:02:16]} 30. Kd3 {[%emt 0:06:23]} Bd5 {[%emt 0:01:49]} 31. Rxc6 {[%emt 0:00:41]} bxc6 {[%emt 0:01:01]} 32. Nxd4 {[%emt 0:00:10]} Be4+ {[%emt 0:00:32]} 33. Ke3 {[%emt 0:02:10]} c5 {[%emt 0:00:13]} 34. Nb3 {[%emt 0:01:45]} Rc8 {[%emt 0:01:02]} 35. Rc1 {[%emt 0:01:59]} c4 {[%emt 0:01:18]} 36. Nd4 {[%emt 0:00:18]} Rhg8 {[%emt 0:01:05]} 37. Nb5 {[%emt 0:01:15]} Bd5 {[%emt 0:00:44]} 38. Rd1 {[%emt 0:01:22]} Rc5 {[%emt 0:00:45]} 39. Nc3 {[%emt 0:00:53]} Ke6 {[%emt 0:00:33]} 40. a4 {[%emt 0:00:00]} a6 {[%emt 0:00:00]} 41. Ne2 {[%emt 0:11:40]} c3 {[%emt 0:16:22]} 42. Nd4+ {[%emt 0:00:02]} Ke7 {[%emt 0:01:30]} 43. Nxf5+ {[%emt 0:06:26]} Kd7 {[%emt 0:00:18]} 44. Nd4 {[%emt 0:01:49]} Kc8 {[%emt 0:09:00]} 45. Rc1 {[%emt 0:02:35]} Kb7 {[%emt 0:00:29]} 46. Kd3 {[%emt 0:02:24]} Rgc8 {[%emt 0:03:25]} 47. Bg5 {[%emt 0:03:05]} Rh8 {[%emt 0:02:00]} 48. f4 {[%emt 0:03:47]} Kb6 {[%emt 0:00:39]} 49. Rxc3 {[%emt 0:02:21]} Be4+ {[%emt 0:00:29]} 50. Kd2 {[%emt 0:00:02]} Rxc3 {[%emt 0:00:16]} 51. Kxc3 {[%emt 0:00:00]} Kc5 {[%emt 0:00:20]} 52. e6 {[%emt 0:03:36]} fxe6 {[%emt 0:00:39]} 53. Nxe6+ {[%emt 0:00:01]} Kd6 {[%emt 0:00:41]} 54. Nd8 {[%emt 0:00:21]} Rh7 {[%emt 0:00:40]} 55. Kd4 {[%emt 0:00:24]} Bf5 {[%emt 0:00:48]} 56. Bf6 {[%emt 0:00:53]} Kd7 {[%emt 0:00:21]} 57. Bg5 {[%emt 0:01:30]} Bg4 {[%emt 0:01:55]} 58. Ke5 {[%emt 0:00:24]} Bxh5 {[%emt 0:00:20]} 59. f5 {[%emt 0:00:28]} Rxh6 {[%emt 0:00:40]} 60. Ke4 1/2-1/2

[Event "73rd RUS-ch Higher League 2020"]
[Site "Sochi"]
[Date "2020.10.14"]
[Round "6.1"]
[White "Antipov, Mikhail Al."]
[Black "Chigaev, Maksim"]
[Result "0-1"]
[WhiteElo "2591"]
[BlackElo "2598"]
[Annotator "TA"]
[PlyCount "78"]
[EventDate "2020.10.08"]
[EventType "swiss"]
[EventCountry "RUS"]
[SourceTitle "playchess.com"]
[Source "ChessBase"]
[SourceQuality "1"]

{[%evp 10,78,13,8,17,16,16,15,11,11,15,10,8,0,0,0,0,0,8,0,0,-26,-8,-23,-22,-44,-38,-95,-107,-113,0,0,0,-18,-9,-11,-3,-15,-10,-19,-9,-8,-8,-63,-14,-58,0,0,0,0,0,0,0,-134,-145,-172,-170,-522,-516,-508,-515,-681,-489,-1687,-1659,-1660,-1642,-29994,-29993,-29993,-29994]} 1. e4 e5 2. Nf3 Nc6 3. Bc4 Nf6 4. d3 Bc5 5. O-O d6 6. c3 a5 {C54: Giuoco Piano: 4 c3 Nf6, main lines with 5 d4 and 5 d3.} 7. h3 O-O 8. Re1 h6 {The position is equal.} 9. Nbd2 a4 10. Nf1 Bd7 11. d4 Bb6 12. Ng3 Re8 13. Be3 exd4 14. Nxd4 Ne5 15. Bf1 Ng6 16. Nc2 {next Bxb6 is good for White.} Bxe3 17. Rxe3 Ra5 {[#]} 18. Qd4 $146 (18. Nd4 $15) ({Predecessor:} 18. Qd2 Rae5 19. Rae1 Bc6 20. Nd4 Nxe4 21. Nxe4 Bxe4 22. Bb5 c6 23. Bxa4 Qg5 24. f3 Bxf3 25. Nxf3 Rxe3 26. Nxg5 Rxe1+ {0-1 (46) Bruedigam,M (2409)-Kollars,D (2534) Karlsruhe 2018}) 18... Rae5 $17 19. Rae1 Bc6 (19... h5 $1 $17 20. c4 Nf4) 20. Nb4 $11 Bd7 {Hoping for ...c5.} 21. Qa7 b5 22. Qb7 c5 23. Nc6 Bxc6 $1 24. Qxc6 c4 25. Rd1 R8e6 26. Qb7 (26. b3 $11) 26... Qe8 27. Rd4 (27. b3 $5) 27... Nf4 ({Better is} 27... Re7 $15 28. Qb6 d5) 28. Nf5 d5 29. exd5 $1 ({Don't blunder} 29. Rf3 $2 Rxf5 $1 {[%mdl 512]} 30. exf5 Re1 $1 $19 {[%mdl 512]}) 29... N4xd5 30. Rxe5 Rxe5 31. Nd6 {[#]} (31. g4 $1 $11) 31... Qe6 $1 $17 {[%cal Re6d6]} 32. Nxb5 Re1 {White must now prevent ...Qe2!} 33. Nc7 $2 {[#]} (33. Rd2 {was the crucial defense.} Kh7 34. Nc7) 33... Nxc7 $1 $19 ({Weaker is} 33... Qe2 34. Nxd5 Rxf1+ 35. Kh2 $11) 34. Qxc7 Qe2 $1 {[%cal Re2f1][%mdl 64] Double Attack} 35. Qc8+ Ne8 36. Qxc4 (36. Kh2 $142 Qxf2 37. Qa8 Qxf1 38. Re4 Rxe4 39. Qxe4) 36... Rxf1+ $1 {[%mdl 64] Double Attack} 37. Kh2 Qxf2 {( -> ...Qg1+)} 38. Qxa4 Qg1+ 39. Kg3 Qe3+ {Av CentiPawn Loss W=-89/B=-14. Weighted=-104/-11} 0-1